Multiple-Choice-Stadtquiz Aachen - Statistiken

Allgemein
  • Dieses Quiz wurde 970 mal gespielt
    927 seit der letzten Aktualisierung
  • Das Durchschnittsergebnis liegt bei 6 aus 10
Antwortstatistiken
Frage Antwort % Korrekt
Aachen war die sogenannte "Hauptstadt Europas" unter welchem Kaiser? Karl der Große
89%
Wie heißt ein beliebtes Lebkuchengebäck aus Aachen? Aachener Printen
83%
Zwischen Aachen und Köln liegt eine Stadt, die fast eine Großstadt ist, wie heißt sie? Düren
70%
Wie lautet das Autokennzeichen Aachens? AC
66%
Nenne das fehlende Wort in "... Forum für Internationale Kunst" Ludwig
53%
Wie heißt der Aachener Tierpark? Euregiozoo
49%
Vor welchem Gebäude liegt der "Karlsbrunnen"? Rathaus
44%
Welche dieser Städte grenzt nicht an Aachen Monschau
43%
Wie hieß Aachen unter den Römern? Aquae Granni
42%
Welcher ist kein Stadtbezirk Aachens? Rothe Erde
29%
Keine übereinstimmenden Quizze gefunden
Verteilung der Resultate
Anzahl Personen mit jedem Resultat
Perzentil nach korrekt beantworteten Fragen
Ihre Resultats-Entwicklung
Sie haben dieses Quiz seit der letzten Aktualisierung nicht gespielt